[Event "San Sebastian Mendez Memorial 1st"]
[Site "San Sebastian del Pepino"]
[Date "2014.01.17"]
[Round "1"]
[White "Guzman, Carlos M"]
[Black "Corrales Jimenez, Fidel"]
[Result "0-1"]
[WhiteElo "2067"]
[BlackElo "2568"]
[PlyCount "80"]
[EventDate "2014.01.17"]
[EventType "swiss"]
[EventRounds "7"]
[EventCountry "PUR"]
[SourceTitle "CBM 158 Extra"]
[Source "ChessBase"]
[SourceDate "2014.02.28"]
[SourceVersion "1"]
[SourceVersionDate "2014.02.28"]
[SourceQuality "1"]

1. e4 c5 2. Nf3 a6 3. c3 g6 4. d4 cxd4 5. cxd4 d5 6. e5 Bg4 7. Nc3 Bxf3 8. Qxf3 e6 9. Be3 Nc6 10. Qd1 h5 11. Qd2 Nh6 12. Bd3 Nf5 13. Bxf5 gxf5 14. 0-0 Rg8 15. Kh1 Rc8 16. Ne2 Na5 17. b3 Ba3 18. Nf4 h4 19. Nh5 Be7 20. Bh6 Rg6 21. Bg7 Qb6 22. Rac1 Rxc1 23. Rxc1 Nc6 24. Rd1 Kd7 25. Bf6 Rg4 26. f4 Qb4 27. Qf2 h3 28. gxh3 Rg6 29. Bxe7 Kxe7 30. Nf6 Qc3 31. h4 Qh3 32. h5 Rg7 33. Re1 Nxd4 34. Re3 Rg2 35. Rxh3 Rxf2 36. Kg1 Rf3 37. Rh4 Rxf4 38. Rh3 Nf3+ 39. Kg2 Nxe5 40. h6 Kxf6 0-1

[Event "IECG CM.2005.0.00292"]
[Site "IECG email"]
[Date "2006.12.25"]
[Round "?"]
[White "Schindler, Sven"]
[Black "Guzman, Carlos M"]
[Result "1-0"]
[WhiteElo "2375"]
[BlackElo "2361"]
[PlyCount "67"]
[EventDate "2005.12.18"]
[EventType "tourn (corr)"]
[EventRounds "6"]
[SourceTitle "Corr 2008"]
[Source "ChessBase"]
[SourceDate "2008.06.24"]
[SourceVersion "1"]
[SourceVersionDate "2008.06.24"]
[SourceQuality "1"]

1. c4 e6 2. Nc3 f5 3. g3 Nf6 4. Bg2 d5 5. d4 c6 6. Nf3 Bd6 7. 0-0 0-0 8. Qc2 Ne4 9. Rb1 Bd7 10. b4 Be8 11. b5 Nd7 12. bxc6 bxc6 13. Nxe4 fxe4 14. Ng5 Rf6 15. Nxe4 dxe4 16. Bg5 c5 17. e3 h6 18. Bxf6 Qxf6 19. Qxe4 Rc8 20. Qb7 Rc7 21. Qa8 Kf7 22. Rb7 cxd4 23. Rxc7 Bxc7 24. Qxa7 Bb6 25. Qb7 Qd8 26. exd4 Bxd4 27. Rd1 Qb6 28. Qxb6 Bxb6 29. Bc6 Ke7 30. Kg2 g5 31. f3 Bc5 32. a4 Kd8 33. a5 Kc7 34. Bb5 1-0

[Event "IECG WC.2009.S.00001 email"]
[Site "IECG email"]
[Date "2006.09.09"]
[Round "?"]
[White "Mrkvicka, Josef"]
[Black "Guzman, Carlos M"]
[Result "1-0"]
[WhiteElo "2228"]
[BlackElo "2347"]
[PlyCount "39"]
[EventDate "2006.09.09"]
[EventType "tourn (corr)"]
[EventRounds "6"]
[SourceTitle "Corr 2008"]
[Source "ChessBase"]
[SourceDate "2008.06.24"]
[SourceVersion "1"]
[SourceVersionDate "2008.06.24"]
[SourceQuality "1"]

1. e4 c5 2. Nf3 d6 3. d4 cxd4 4. Nxd4 Nf6 5. Nc3 g6 6. Be3 Bg7 7. f3 0-0 8. Qd2 Nc6 9. Bc4 Bd7 10. Bb3 Na5 11. h4 h5 12. Bh6 Qb6 13. 0-0-0 Nxb3+ 14. cxb3 Rac8 15. Kb1 Rfe8 16. Bxg7 Kxg7 17. Rhe1 a6 18. Nc2 Qc5 19. g3 Bc6 20. Nd4 1-0

[Event "IECG WC.2010.P.00024 email"]
[Site "IECG email"]
[Date "2006.06.05"]
[Round "?"]
[White "Guzman, Carlos M"]
[Black "Venturas, Bob"]
[Result "1-0"]
[WhiteElo "2359"]
[BlackElo "632"]
[PlyCount "59"]
[EventDate "2006.06.05"]
[EventType "tourn (corr)"]
[EventRounds "6"]
[SourceTitle "Corr 2008"]
[Source "ChessBase"]
[SourceDate "2008.06.24"]
[SourceVersion "1"]
[SourceVersionDate "2008.06.24"]
[SourceQuality "1"]

1. e4 e5 2. Nf3 Nc6 3. Nc3 Nf6 4. Nxe5 Nxe5 5. d4 Nc6 6. d5 Nb8 7. e5 Ng8 8. d6 Nc6 9. Nb5 cxd6 10. exd6 Qf6 11. Nc7+ Kd8 12. Nxa8 Bxd6 13. Be2 Nge7 14. c3 Bc5 15. 0-0 Bd6 16. Qd3 Nf5 17. Rd1 Ke7 18. g4 Qh4 19. f4 Bc5+ 20. Kh1 Ng3+ 21. Qxg3 Qxg3 22. hxg3 d6 23. b4 Bb6 24. Ba3 Rd8 25. Nxb6 axb6 26. b5 Nb8 27. Rd4 Kf8 28. Rad1 Ke8 29. Bxd6 Nd7 30. Bc7 1-0

[Event "IECG ZH.2006.0.00015"]
[Site "IECG email"]
[Date "2006.05.01"]
[Round "?"]
[White "Guzman, Carlos M"]
[Black "Alava Moreno, Fausto"]
[Result "1/2-1/2"]
[WhiteElo "2355"]
[BlackElo "2322"]
[PlyCount "46"]
[EventDate "2006.05.01"]
[EventType "tourn (corr)"]
[EventRounds "2"]
[SourceTitle "Corr 2008"]
[Source "ChessBase"]
[SourceDate "2008.06.24"]
[SourceVersion "1"]
[SourceVersionDate "2008.06.24"]
[SourceQuality "1"]

1. d4 Nf6 2. c4 g6 3. Nc3 d5 4. Nf3 Bg7 5. Qb3 dxc4 6. Qxc4 0-0 7. e4 a6 8. Qb3 b5 9. e5 Nfd7 10. Be3 c5 11. e6 cxd4 12. Nxd4 Nc5 13. exf7+ Rxf7 14. Qd1 Ra7 15. Ndxb5 Rd7 16. Qc1 Nd3+ 17. Bxd3 Rxd3 18. Na3 Bb7 19. 0-0 Bxc3 20. bxc3 Qc8 21. Rb1 Bxg2 22. Kxg2 Qg4+ 23. Kh1 Qf3+ 1/2-1/2

[Event "IECG RT.2006.0.00001"]
[Site "IECG email"]
[Date "2006.04.15"]
[Round "?"]
[White "Guzman, Carlos M"]
[Black "Chorfi, Khaled"]
[Result "1/2-1/2"]
[WhiteElo "2355"]
[BlackElo "2472"]
[PlyCount "51"]
[EventDate "2006.04.15"]
[EventType "tourn (corr)"]
[EventRounds "6"]
[SourceTitle "Corr 2008"]
[Source "ChessBase"]
[SourceDate "2008.06.24"]
[SourceVersion "1"]
[SourceVersionDate "2008.06.24"]
[SourceQuality "1"]

1. Nf3 Nf6 2. c4 e6 3. Nc3 c5 4. g3 b6 5. Bg2 Bb7 6. 0-0 Be7 7. d4 cxd4 8. Qxd4 d6 9. Bg5 a6 10. Bxf6 Bxf6 11. Qf4 0-0 12. Rfd1 Be7 13. Ne4 Bxe4 14. Qxe4 Ra7 15. Nd4 Qc8 16. b3 Bf6 17. e3 Rd8 18. Qg4 Rc7 19. Rd2 Nd7 20. Rad1 Ne5 21. Qe2 Ng6 22. f4 Ne7 23. e4 Rcd7 24. Bh3 Bxd4+ 25. Rxd4 Qc5 26. Kh1 1/2-1/2

[Event "IECG ST.2006.0.00001 email"]
[Site "IECG email"]
[Date "2006.04.15"]
[Round "?"]
[White "Ingersol, Harry"]
[Black "Guzman, Carlos M"]
[Result "1-0"]
[WhiteElo "2384"]
[BlackElo "2355"]
[PlyCount "39"]
[EventDate "2006.04.15"]
[EventType "tourn (corr)"]
[EventRounds "6"]
[SourceTitle "Corr 2008"]
[Source "ChessBase"]
[SourceDate "2008.06.24"]
[SourceVersion "1"]
[SourceVersionDate "2008.06.24"]
[SourceQuality "1"]

1. e4 e6 2. Nf3 d5 3. Nc3 d4 4. Ne2 c5 5. c3 dxc3 6. bxc3 Nf6 7. Ng3 Nc6 8. Bb5 Bd7 9. 0-0 h5 10. d3 h4 11. Ne2 h3 12. g3 Qc7 13. Nf4 a6 14. Ba4 b5 15. Bb3 Bd6 16. Re1 e5 17. Nd5 Nxd5 18. exd5 Ne7 19. Nd2 Kf8 20. Ne4 1-0

[Event "IECG ST.2006.0.00001 email"]
[Site "IECG email"]
[Date "2006.04.15"]
[Round "?"]
[White "Pappier, Carlos Guillermo"]
[Black "Guzman, Carlos M"]
[Result "1-0"]
[WhiteElo "2442"]
[BlackElo "2355"]
[PlyCount "39"]
[EventDate "2006.04.15"]
[EventType "tourn (corr)"]
[EventRounds "6"]
[SourceTitle "Corr 2008"]
[Source "ChessBase"]
[SourceDate "2008.06.24"]
[SourceVersion "1"]
[SourceVersionDate "2008.06.24"]
[SourceQuality "1"]

1. e4 e6 2. d4 d5 3. Nc3 Bb4 4. e5 c5 5. a3 Ba5 6. b4 cxd4 7. Qg4 Ne7 8. bxa5 dxc3 9. Qxg7 Rg8 10. Qxh7 Nbc6 11. Nf3 Qc7 12. Bf4 Qxa5 13. Ng5 Rf8 14. Bd3 Nb4 15. 0-0 Nxd3 16. Qxd3 Bd7 17. Rfb1 0-0-0 18. Nh7 Rfe8 19. Bg5 Ba4 20. Rb4 1-0

[Event "IECG CM.2005.0.00292"]
[Site "IECG email"]
[Date "2005.12.18"]
[Round "?"]
[White "Braun, Andreas"]
[Black "Guzman, Carlos M"]
[Result "1-0"]
[WhiteElo "2310"]
[BlackElo "2361"]
[PlyCount "93"]
[EventDate "2005.12.18"]
[EventType "tourn (corr)"]
[EventRounds "6"]
[SourceTitle "Corr 2008"]
[Source "ChessBase"]
[SourceDate "2008.06.24"]
[SourceVersion "1"]
[SourceVersionDate "2008.06.24"]
[SourceQuality "1"]

1. c4 e6 2. Nf3 f5 3. g3 Nf6 4. Bg2 d5 5. 0-0 Bd6 6. d3 0-0 7. Nc3 c6 8. e4 dxe4 9. dxe4 e5 10. exf5 Bxf5 11. Qb3 Qb6 12. Be3 Qxb3 13. axb3 Na6 14. h3 Rfd8 15. Nh4 Bd3 16. Rfd1 e4 17. Nf5 Bb4 18. Nd4 Nc7 19. Na2 a5 20. Nxb4 axb4 21. Rxa8 Rxa8 22. Bf4 Na6 23. Ra1 g6 24. h4 Kf7 25. Bh3 h5 26. Bd2 Rd8 27. Ne6 Re8 28. Nf4 Bc2 29. Ra5 Bd1 30. Be3 Bg4 31. Kf1 Bf3 32. Bb6 Bg4 33. Bxg4 Nxg4 34. Ke2 Ne5 35. Nh3 Kg8 36. Ng5 Ng4 37. Ra1 Ne5 38. Rd1 Nd3 39. f3 Ndc5 40. Nxe4 Nxe4 41. fxe4 Rxe4+ 42. Kf3 Re7 43. Rd6 Kf7 44. Kf4 Re6 45. Rd7+ Re7 46. Rxe7+ Kxe7 47. Ke5 1-0

[Event "IECG CM.2005.0.00292"]
[Site "IECG email"]
[Date "2005.12.18"]
[Round "?"]
[White "Guzman, Carlos M"]
[Black "Vostrotin, Vadim Vladimirovich"]
[Result "1/2-1/2"]
[WhiteElo "2361"]
[BlackElo "2363"]
[PlyCount "49"]
[EventDate "2005.12.18"]
[EventType "tourn (corr)"]
[EventRounds "6"]
[SourceTitle "Corr 2008"]
[Source "ChessBase"]
[SourceDate "2008.06.24"]
[SourceVersion "1"]
[SourceVersionDate "2008.06.24"]
[SourceQuality "1"]

1. d4 Nf6 2. c4 e6 3. Nf3 b6 4. g3 Ba6 5. Qa4 Bb7 6. Bg2 c5 7. 0-0 cxd4 8. Nxd4 Bxg2 9. Kxg2 Be7 10. Rd1 0-0 11. Nc3 a6 12. f3 Qc8 13. e4 Qb7 14. Qc2 Rc8 15. e5 Ne8 16. Ne4 Qc7 17. Qb3 Nc6 18. Nxc6 Qxc6 19. Be3 d6 20. Qxb6 Qxb6 21. Bxb6 Rxc4 22. exd6 Nxd6 23. Nxd6 Rc6 24. Ba5 Bxd6 25. Rac1 1/2-1/2

[Event "IECG RM.2002.0.00008"]
[Site "IECG email"]
[Date "2002.12.05"]
[Round "?"]
[White "Guzman, Carlos M"]
[Black "Marcotulli, Giancarlo"]
[Result "0-1"]
[WhiteElo "2402"]
[BlackElo "2220"]
[PlyCount "22"]
[EventDate "2002.12.05"]
[EventType "tourn (corr)"]
[EventRounds "5"]
[SourceTitle "Corr 2024"]
[Source "ChessBase"]
[SourceDate "2023.10.19"]
[SourceVersion "1"]
[SourceVersionDate "2023.10.19"]
[SourceQuality "1"]

1. d4 Nf6 2. c4 c5 3. Nf3 cxd4 4. Nxd4 e5 5. Nb5 Bc5 6. Nd6+ Ke7 7. Nxc8+ Qxc8 8. Nc3 d6 9. e3 Rd8 10. a3 Kf8 11. Bd3 Qc6 0-1

[Event "IECG CP.2002.P.00008 email"]
[Site "IECG email"]
[Date "2002.10.01"]
[Round "?"]
[White "Guzman, Carlos M"]
[Black "Helbig, Andreas"]
[Result "0-1"]
[WhiteElo "2363"]
[BlackElo "1981"]
[PlyCount "24"]
[EventDate "2002.10.01"]
[EventType "tourn (corr)"]
[EventRounds "6"]
[EventCountry "SWE"]
[SourceTitle "Corr 2008"]
[Source "ChessBase"]
[SourceDate "2008.06.24"]
[SourceVersion "1"]
[SourceVersionDate "2008.06.24"]
[SourceQuality "1"]

1. d4 Nf6 2. c4 c5 3. d5 b5 4. cxb5 a6 5. f3 e6 6. e4 Bb7 7. Nc3 g6 8. Bf4 exd5 9. exd5 Qe7+ 10. Kf2 Bg7 11. bxa6 Bxa6 12. Qe2 Bxe2 0-1

[Event "IECC CL1-2000.22"]
[Site "IECC email"]
[Date "2000.09.08"]
[Round "?"]
[White "Guzman, Carlos M"]
[Black "Grantz, Olaf"]
[Result "1-0"]
[WhiteElo "2167"]
[BlackElo "2015"]
[PlyCount "45"]
[EventDate "2000.??.??"]
[EventType "tourn (corr)"]
[EventRounds "4"]
[SourceTitle "Corr 2008"]
[Source "ChessBase"]
[SourceDate "2008.06.24"]
[SourceVersion "1"]
[SourceVersionDate "2008.06.24"]
[SourceQuality "1"]

1. d4 Nf6 2. c4 e5 3. dxe5 Ng4 4. Bf4 Nc6 5. Nf3 Bb4+ 6. Nbd2 Qe7 7. e3 Ngxe5 8. Nxe5 Nxe5 9. Be2 d6 10. 0-0 0-0 11. a3 Bxd2 12. Qxd2 b6 13. b4 Bb7 14. Bg3 Rfe8 15. Rfd1 Qe6 16. c5 dxc5 17. Rac1 a6 18. bxc5 Qc6 19. f3 b5 20. Qd4 f6 21. e4 Re7 22. Rb1 Rf8 23. Qd5+ 1-0

[Event "IECC TH-T email"]
[Site "IECC email"]
[Date "2000.08.11"]
[Round "?"]
[White "Guzman, Carlos M"]
[Black "Bilsel, Sabahaddin"]
[Result "1-0"]
[WhiteElo "2283"]
[BlackElo "1988"]
[PlyCount "101"]
[EventDate "2000.??.??"]
[EventType "match (corr)"]
[EventRounds "2"]
[SourceTitle "Corr 2008"]
[Source "ChessBase"]
[SourceDate "2008.06.24"]
[SourceVersion "1"]
[SourceVersionDate "2008.06.24"]
[SourceQuality "1"]

1. d4 Nf6 2. c4 e6 3. Nc3 Bb4 4. g3 c5 5. Nf3 cxd4 6. Nxd4 0-0 7. Bg2 d5 8. cxd5 Nxd5 9. Qb3 Qa5 10. Bd2 Nc6 11. Nxc6 bxc6 12. 0-0 Nxc3 13. Bxc3 Bxc3 14. Bxc6 Ba6 15. Bxa8 Bxe2 16. Rfb1 Bd4 17. Bf3 Qf5 18. Kg2 Bxf3+ 19. Qxf3 Qc2 20. Re1 Qxb2 21. Rad1 e5 22. Re2 Qb6 23. Qd5 h6 24. Rc2 Rd8 25. Qe4 Qe6 26. f4 f6 27. f5 Qa6 28. Rdd2 Kh7 29. Qc6 Qa3 30. Qf3 Qe7 31. Rc4 Qd7 32. Rc1 Rb8 33. h4 a5 34. Qe4 a4 35. g4 a3 36. g5 hxg5 37. hxg5 fxg5 38. Rd3 Rb2+ 39. Kg3 Bf2+ 40. Kg4 Qb7 41. Qxb7 Rxb7 42. Kxg5 Kg8 43. Rxa3 Kf7 44. Rc4 Re7 45. Ra8 Bd4 46. Rcc8 Be3+ 47. Kg4 Rb7 48. Rf8+ Ke7 49. Rfe8+ Kd6 50. Rad8+ Kc7 51. Re7+ 1-0

[Event "IECC CL1-2000.21"]
[Site "IECC email"]
[Date "2000.08.05"]
[Round "?"]
[White "Guzman, Carlos M"]
[Black "Soentges, Karl Heinz"]
[Result "1/2-1/2"]
[WhiteElo "2230"]
[BlackElo "2481"]
[PlyCount "60"]
[EventDate "2000.??.??"]
[EventType "tourn (corr)"]
[EventRounds "4"]
[SourceTitle "Corr 2008"]
[Source "ChessBase"]
[SourceDate "2008.06.24"]
[SourceVersion "1"]
[SourceVersionDate "2008.06.24"]
[SourceQuality "1"]

1. d4 d5 2. c4 c6 3. Nf3 Nf6 4. Nc3 dxc4 5. a4 Bf5 6. Ne5 e6 7. f3 Bb4 8. e4 Bxe4 9. fxe4 Nxe4 10. Bd2 Qxd4 11. Nxe4 Qxe4+ 12. Qe2 Bxd2+ 13. Kxd2 Qd5+ 14. Kc2 Na6 15. Nxc4 0-0 16. Qe5 Rfd8 17. Be2 f6 18. Qxd5 cxd5 19. Na5 Rdc8+ 20. Kb1 Nb4 21. Nxb7 Rab8 22. Na5 Rc2 23. Bf3 Rf2 24. Ra3 e5 25. Nc6 Nxc6 26. Bxd5+ Kf8 27. Bxc6 Rbxb2+ 28. Ka1 Rbc2 29. Ba8 f5 30. Rb3 e4 1/2-1/2

[Event "IECC CL1-2000.21"]
[Site "IECC email"]
[Date "2000.08.05"]
[Round "?"]
[White "Krueger, Hilmar"]
[Black "Guzman, Carlos M"]
[Result "0-1"]
[WhiteElo "2376"]
[BlackElo "2265"]
[PlyCount "114"]
[EventDate "2000.??.??"]
[EventType "tourn (corr)"]
[EventRounds "4"]
[SourceTitle "Corr 2008"]
[Source "ChessBase"]
[SourceDate "2008.06.24"]
[SourceVersion "1"]
[SourceVersionDate "2008.06.24"]
[SourceQuality "1"]

1. e4 e6 2. d4 d5 3. Nd2 Nc6 4. Ngf3 Nf6 5. e5 Nd7 6. Nb3 Be7 7. c3 a5 8. a4 b6 9. Bd3 Ba6 10. Bxa6 Rxa6 11. 0-0 0-0 12. Ne1 Ncb8 13. Qg4 Kh8 14. Nf3 c5 15. Re1 Nc6 16. Bg5 Ra8 17. Rac1 Rc8 18. Qh5 Qe8 19. Be3 c4 20. Nbd2 f5 21. Qxe8 Rfxe8 22. Rb1 Rc7 23. Bg5 Bf8 24. Bf4 h6 25. h3 g5 26. Bh2 Be7 27. Nf1 Rb8 28. Ne3 f4 29. Ng4 Kg7 30. h4 Kg6 31. hxg5 hxg5 32. g3 fxg3 33. Bxg3 Rcb7 34. Kg2 Nd8 35. Ra1 b5 36. axb5 Rxb5 37. Re2 Rxb2 38. Rxb2 Rxb2 39. Rxa5 Nc6 40. Ra8 Ndb8 41. Ne3 Rb3 42. Nd1 Rb1 43. Ne3 Rc1 44. Kh3 Kh5 45. Kg2 Rxc3 46. Ra1 Kg6 47. Rd1 Nb4 48. Kh3 Kh5 49. Kg2 N8c6 50. Kf1 Rb3 51. Ne1 Bd8 52. Rc1 Bb6 53. Nxc4 dxc4 54. Rxc4 Nxd4 55. Rc1 Nf5 56. Bh2 Rb2 57. Bg1 g4 0-1